| 000 | 00423nam a22001217a 4500 | ||
|---|---|---|---|
| 082 | _a220 PRO | ||
| 100 |
_aNS AASHIR JAVED NS ASAD TARIQ NS TAYYABA TAIMUR _971219 |
||
| 245 | _aPR-SOF-1744-IIOT BASED INDUSTRY 4.0 COMPLIANT AUTOMATION FOR MANUFACTURING INDUSTRY | ||
| 260 |
_aISLAMABAD _bNUST COLLEGE OF EME _c2018 |
||
| 650 | _aDE-COMP-36 DECLASS | ||
| 700 |
_aPROJECT SUPERVISOR Dr Shoab Ahmed Khan _971220 |
||
| 942 | _cCR | ||
| 999 |
_c577859 _d577859 |
||